书目信息 |
| 题名: |
网球十日通
|
|
| 作者: | 吕志华 编著 | |
| 分册: | ||
| 出版信息: | 北京 京华出版社 1997.8 |
|
| 页数: | 108页 | |
| 开本: | 32开 | |
| 丛书名: | 十日通丛书 | |
| 单 册: | ||
| 中图分类: | G845.19 | |
| 科图分类: | ||
| 主题词: | 球类运动 | |
| 电子资源: | ||
| ISBN: | 7-80600-222-7 | |
| 000 | 00556nam0 2200217 45 | |
| 001 | 0004110897 | |
| 005 | 20031219104044.5 | |
| 010 | @a7-80600-222-7@dCNY4.00 | |
| 100 | @a20000411d1997 km y0chiy0120 ea | |
| 101 | @achi | |
| 105 | @a z 000yy | |
| 200 | 1 | @a网球十日通@f吕志华,左琳编著 |
| 210 | @a北京@c京华出版社@d1997.8 | |
| 215 | @a108页@c插图@d32开 | |
| 225 | @a十日通丛书 | |
| 410 | @12001 @a十日通丛书 | |
| 606 | 0 | @a球类运动 |
| 690 | @aG845.19@v1 | |
| 701 | @a吕志华@4编著 | |
| 801 | @aCN@bTSTC@c20000411 | |
| 905 | @f1@b287530@dG845.19@e114 | |
| 网球十日通/吕志华,左琳编著.-北京:京华出版社,1997.8 |
| 108页:插图;32开.-(十日通丛书) |
| ISBN 7-80600-222-7:CNY4.00 |
| ● |
| 相关链接 |
|
|
|
|
正题名:网球十日通
索取号:G845.19/114
 
预约/预借
| 序号 | 登录号 | 条形码 | 馆藏地/架位号 | 状态 | 备注 |
| 1 | 0287530 | 002875302 | 第一样本阅览室/ [索取号:G845.19/114] | 在馆 |